000 01162cam a2200277 4500
001 WS104686
008 000000n 000 0 eng u
035 _a(Sirsi) u104686
245 _aConstruction Best Practice Programme
520 _aWeb site for this programme supported by the DETR and the Construction Industry Board which raises the awareness of the benefits of best practice and provides guidance and advice to the UK construction industry and client organisations. The site includes fact sheets on 15 identified areas of best practice and guidance to further information on the topics.
650 _aBENCHMARKING
650 0 _aBRIEFING THE TEAM
650 _aProcurement-old
650 _aHEALTH AND SAFETY
_96244
650 _aPARTNERING
650 _aRISK MANAGEMENT
650 _aBEST PRACTICE
650 _aSUSTAINABLE CONSTRUCTION
650 _aVALUE MANAGEMENT
650 _aSUPPLY CHAIN MANAGEMENT
650 0 _aWHOLE-LIFE COSTING
650 _aBUILT ENVIRONMENT-BUILDING INSPECTION
690 _aBUILT ENVIRONMENT
856 4 0 _uhttps://www.cbpp.org.uk/
_zView the website free of charge at www.cbpp.org.uk/...
942 _n0
999 _c119437
_d119437